[Event "Shumen Ivanov Memorial"]
[Site "Shumen"]
[Date "2022.07.30"]
[Round "2"]
[White "Dimitrov, Radoslav"]
[Black "Todorov, Emil"]
[Result "1-0"]
[WhiteElo "2498"]
[BlackElo "1745"]
[PlyCount "49"]
[EventDate "2022.07.30"]
[EventType "swiss (rapid)"]
[EventRounds "9"]
[EventCountry "BUL"]
[SourceTitle "CBM 209 Extra"]
[Source "ChessBase"]
[SourceDate "2022.09.30"]
[SourceVersion "1"]
[SourceVersionDate "2022.09.30"]
[SourceQuality "1"]

1. Nc3 b6 2. e4 Bb7 3. d4 e6 4. Bd3 Nc6 5. Nf3 Bb4 6. 0-0 h6 7. a3 Be7 8. d5 Nb8 9. Ne5 Nf6 10. Qf3 d6 11. Bb5+ Kf8 12. Nd3 e5 13. Qe2 a6 14. Ba4 b5 15. Bb3 g5 16. h4 g4 17. f4 Nbd7 18. fxe5 Nxe5 19. Nxe5 dxe5 20. Qf2 Bc8 21. d6 Qxd6 22. Nd5 Kg7 23. Be3 Rf8 24. Nxe7 Qxe7 25. Bc5 1-0

[Event "Sunny Beach op-B 13th"]
[Site "Sunny Beach"]
[Date "2014.09.06"]
[Round "1"]
[White "Todorov, Emil"]
[Black "Bonev, Todor"]
[Result "0-1"]
[WhiteElo "2093"]
[BlackElo "2240"]
[PlyCount "98"]
[EventDate "2014.09.06"]
[EventType "swiss"]
[EventRounds "9"]
[EventCountry "BUL"]
[SourceTitle "CBM 162 Extra"]
[Source "ChessBase"]
[SourceDate "2014.10.17"]
[SourceVersion "1"]
[SourceVersionDate "2014.10.17"]
[SourceQuality "1"]

1. c4 Nf6 2. Nc3 g6 3. g3 Bg7 4. Bg2 0-0 5. Nf3 d6 6. d4 Nbd7 7. 0-0 e5 8. e3 c6 9. Qc2 Re8 10. Rd1 Qc7 11. b4 exd4 12. exd4 Nf8 13. Qb3 Be6 14. a4 a6 15. a5 Rac8 16. h3 d5 17. c5 Ne4 18. Bf4 Qd7 19. Ne5 Bxe5 20. Bxe5 f6 21. Bf4 Nxc3 22. Qxc3 Bxh3 23. Bh1 Qf5 24. Re1 Ne6 25. Bd6 Ng5 26. f3 h5 27. Re3 Rxe3 28. Qxe3 Qe6 29. Qd2 Re8 30. Kf2 Bf5 31. Bg2 Nf7 32. Bf4 Kg7 33. Rh1 g5 34. Be3 Rh8 35. Re1 Qd7 36. Kg1 h4 37. Bf2 h3 38. Bf1 g4 39. fxg4 h2+ 40. Kh1 Be4+ 41. Bg2 Bxg2+ 42. Kxg2 Qxg4 43. Qf4 Qxf4 44. gxf4 Kg6 45. Bg3 h1Q+ 46. Rxh1 Rxh1 47. Kxh1 Kf5 48. Bh2 Nd8 49. Kg2 Ne6 0-1

[Event "Kesarovski Georgiev Memorial 9th"]
[Site "Sunny Beach"]
[Date "2010.09.04"]
[Round "8"]
[White "Todorov, Emil"]
[Black "Ni, Polina"]
[Result "1/2-1/2"]
[WhiteElo "2145"]
[BlackElo "1895"]
[PlyCount "56"]
[EventDate "2010.08.28"]
[EventType "swiss"]
[EventRounds "9"]
[EventCountry "BUL"]
[SourceTitle "CBM 138 Extra"]
[Source "ChessBase"]
[SourceDate "2010.10.29"]
[SourceVersion "1"]
[SourceVersionDate "2010.10.29"]
[SourceQuality "1"]

1. c4 e5 2. Nc3 Nf6 3. g3 Bc5 4. e3 Nc6 5. a3 a5 6. Bg2 0-0 7. Nge2 Re8 8. d3 d6 9. h3 Be6 10. Nd5 Bxd5 11. cxd5 Ne7 12. Nc3 c6 13. dxc6 bxc6 14. 0-0 d5 15. Na4 Bd6 16. d4 e4 17. Bd2 Nf5 18. Rc1 Qc7 19. g4 Nh4 20. g5 Nf3+ 21. Bxf3 exf3 22. gxf6 Re6 23. Qxf3 Rxf6 24. Qh5 Rh6 25. Qf5 Rf6 26. Qh5 Rh6 27. Qf5 Rf6 28. Qh5 Rh6 1/2-1/2

[Event "Albena op"]
[Site "Albena"]
[Date "2010.06.04"]
[Round "2"]
[White "Todorov, Emil"]
[Black "Stanchev, Aleksandar"]
[Result "0-1"]
[WhiteElo "2145"]
[BlackElo "1953"]
[PlyCount "60"]
[EventDate "2010.06.03"]
[EventType "swiss"]
[EventRounds "9"]
[EventCountry "BUL"]
[SourceTitle "CBM 136 Extra"]
[Source "ChessBase"]
[SourceDate "2010.07.02"]
[SourceVersion "2"]
[SourceVersionDate "2010.07.15"]
[SourceQuality "1"]

1. d4 Nf6 2. Bg5 d5 3. Nf3 Ne4 4. Bh4 c5 5. c3 Nc6 6. Nbd2 cxd4 7. Nxe4 dxe4 8. Nxd4 Nxd4 9. Qxd4 Qxd4 10. cxd4 e6 11. a3 Bd7 12. Rc1 Bd6 13. e3 0-0 14. Be2 Bc6 15. 0-0 f5 16. f4 Rac8 17. Rc3 Bd5 18. Rfc1 Rc6 19. Bb5 Rb6 20. Bd7 Rxb2 21. Rc8 g6 22. Rxf8+ Kxf8 23. Rc8+ Kg7 24. Re8 Rb1+ 25. Kf2 Rb2+ 26. Kg3 Re2 27. Bd8 Rxe3+ 28. Kh4 Rxa3 29. h3 Bxf4 30. Re7+ Kh6 0-1

[Event "Albena op"]
[Site "Albena"]
[Date "2010.06.03"]
[Round "1"]
[White "Panaiotov, Janko"]
[Black "Todorov, Emil"]
[Result "1-0"]
[WhiteElo "2192"]
[BlackElo "2145"]
[PlyCount "57"]
[EventDate "2010.06.03"]
[EventType "swiss"]
[EventRounds "9"]
[EventCountry "BUL"]
[SourceTitle "CBM 136 Extra"]
[Source "ChessBase"]
[SourceDate "2010.07.02"]
[SourceVersion "2"]
[SourceVersionDate "2010.07.15"]
[SourceQuality "1"]

1. e4 c5 2. Nf3 e6 3. d4 cxd4 4. Nxd4 a6 5. Bd3 Qc7 6. 0-0 b5 7. a4 b4 8. c3 Bb7 9. Bd2 Bc5 10. Nb3 bxc3 11. Bxc3 Nf6 12. Nxc5 Qxc5 13. Nd2 Qe7 14. Qb3 d5 15. e5 Ng8 16. Bb4 Qd7 17. Bd6 Ne7 18. Qb4 Nbc6 19. Qg4 Ng6 20. Nf3 Nce7 21. Rfc1 Rc8 22. Rxc8+ Nxc8 23. Bc5 Qc7 24. Qb4 Nge7 25. Rc1 0-0 26. Bxh7+ Kxh7 27. Qh4+ Kg8 28. Ng5 Re8 29. Qh7+ 1-0

[Event "Kesarovski Georgiev Memorial 8th"]
[Site "Sunny Beach"]
[Date "2009.09.12"]
[Round "8"]
[White "Manolov, Ivan"]
[Black "Todorov, Emil"]
[Result "1-0"]
[WhiteElo "2266"]
[BlackElo "2157"]
[PlyCount "75"]
[EventDate "2009.09.07"]
[EventType "swiss"]
[EventRounds "9"]
[EventCountry "BUL"]
[SourceTitle "CBM 132 Extra"]
[Source "ChessBase"]
[SourceDate "2009.11.03"]
[SourceVersion "1"]
[SourceVersionDate "2009.11.03"]
[SourceQuality "1"]

1. e4 c6 2. Nf3 g6 3. d4 Bg7 4. h3 Nf6 5. Bd3 d6 6. 0-0 0-0 7. c3 Nbd7 8. Bf4 Nb6 9. Bh2 Ne8 10. Nbd2 a5 11. a4 e6 12. Qe2 Nd7 13. Rfd1 Bh6 14. Nc4 Nb6 15. e5 Nxc4 16. Bxc4 d5 17. Bd3 Qe7 18. Nd2 Nc7 19. Nf1 b6 20. Ne3 Na6 21. Ng4 Bg7 22. Qf3 f5 23. exf6 Bxf6 24. Nxf6+ Rxf6 25. Qe3 Qf8 26. Be5 Rf7 27. h4 Qe7 28. Qg3 Nc7 29. h5 g5 30. f4 h6 31. fxg5 hxg5 32. Bg6 Ne8 33. Bxf7+ Kxf7 34. Rf1+ Kg8 35. Bf6 Nxf6 36. Qxg5+ Kh7 37. Rxf6 Qg7 38. Rg6 1-0

[Event "BUL-chT2 58th"]
[Site "Borovetz"]
[Date "2008.10.05"]
[Round "5.4"]
[White "Lalev, Dimitar"]
[Black "Todorov, Emil"]
[Result "1-0"]
[WhiteElo "2412"]
[BlackElo "2177"]
[PlyCount "69"]
[EventDate "2008.10.01"]
[EventType "team-swiss"]
[EventRounds "7"]
[EventCountry "BUL"]
[SourceTitle "CBM 126 Extra"]
[Source "ChessBase"]
[SourceDate "2008.11.05"]
[SourceVersion "1"]
[SourceVersionDate "2008.11.05"]
[SourceQuality "1"]

1. c4 c5 2. Nf3 Nf6 3. Nc3 Nc6 4. e3 g6 5. d4 b6 6. d5 Nb8 7. e4 d6 8. h3 Nbd7 9. Bd3 Bg7 10. 0-0 0-0 11. Bg5 Kh8 12. Qd2 Ng8 13. Rae1 f6 14. Be3 a6 15. a4 Qe8 16. Nh2 Ne5 17. Be2 Nf7 18. f4 f5 19. exf5 Bxf5 20. Bd3 Nfh6 21. g4 Bxd3 22. Qxd3 Qd7 23. Bd2 Nf7 24. g5 Rae8 25. Ng4 Nd8 26. Ne4 Qf5 27. Bc3 Qf7 28. Nh6 Nxh6 29. gxh6 Bxc3 30. Qxc3+ Kg8 31. f5 g5 32. Rf2 e5 33. fxe6 Qg6 34. Nf6+ Rxf6 35. Rxf6 1-0

[Event "BUL-chT2 58th"]
[Site "Borovetz"]
[Date "2008.10.04"]
[Round "4.3"]
[White "Todorov, Emil"]
[Black "Ilchov, Rosen"]
[Result "0-1"]
[WhiteElo "2177"]
[BlackElo "2144"]
[PlyCount "70"]
[EventDate "2008.10.01"]
[EventType "team-swiss"]
[EventRounds "7"]
[EventCountry "BUL"]
[SourceTitle "CBM 126 Extra"]
[Source "ChessBase"]
[SourceDate "2008.11.05"]
[SourceVersion "1"]
[SourceVersionDate "2008.11.05"]
[SourceQuality "1"]

1. c4 c6 2. Nf3 d5 3. e3 Nf6 4. d4 Bg4 5. Nbd2 e6 6. Qb3 Qc7 7. h3 Bh5 8. g4 Bg6 9. Ne5 Nbd7 10. Nxg6 hxg6 11. Bg2 Be7 12. a3 Rd8 13. g5 Nh5 14. Nf3 dxc4 15. Qxc4 Bxg5 16. Nxg5 Qa5+ 17. Qb4 Qxg5 18. 0-0 Nb6 19. a4 Qe7 20. Qa5 Nc8 21. b3 f5 22. Ba3 Qd7 23. Rac1 Kf7 24. Rc2 Nf6 25. Rfc1 a6 26. b4 Nd6 27. b5 axb5 28. axb5 Ra8 29. Qb4 Nxb5 30. Rxc6 bxc6 31. Bxc6 Qa7 32. Bxb5 Qxa3 33. Rc7+ Kg8 34. Qc4 Qd6 35. Kg2 Qd5+ 0-1

[Event "BUL-chT2 58th"]
[Site "Borovetz"]
[Date "2008.10.03"]
[Round "3.4"]
[White "Berbatov, Kiprian"]
[Black "Todorov, Emil"]
[Result "1-0"]
[WhiteElo "2346"]
[BlackElo "2177"]
[PlyCount "107"]
[EventDate "2008.10.01"]
[EventType "team-swiss"]
[EventRounds "7"]
[EventCountry "BUL"]
[SourceTitle "CBM 126 Extra"]
[Source "ChessBase"]
[SourceDate "2008.11.05"]
[SourceVersion "1"]
[SourceVersionDate "2008.11.05"]
[SourceQuality "1"]

1. e4 g6 2. d4 Bg7 3. Nc3 c6 4. Be3 b5 5. Qd2 a5 6. h4 h5 7. Nh3 a4 8. a3 Nf6 9. f3 Qa5 10. Ng5 d6 11. e5 Nh7 12. Nxh7 Rxh7 13. exd6 exd6 14. Bf4 d5 15. Qe3+ Be6 16. Bd3 Kd7 17. 0-0-0 Na6 18. Rhe1 Re8 19. Na2 Rhh8 20. c3 Kc8 21. Qf2 Qd8 22. Re2 Bd7 23. Be5 Bf6 24. g3 Bxe5 25. dxe5 Kb7 26. Qd4 Qb6 27. Qf4 Be6 28. Nb4 Nc5 29. Bc2 Nd7 30. Qg5 Qd8 31. Qxd8 Rxd8 32. Nd3 Bf5 33. Nf4 Bxc2 34. Kxc2 Nf8 35. e6 fxe6 36. Nxe6 Rc8 37. Ng5 Nd7 38. Nf7 Rhf8 39. Nd6+ Kc7 40. Nxc8 Kxc8 41. Re6 Rf6 42. Rxf6 Nxf6 43. Re1 Kd7 44. Re5 Nh7 45. Kd3 Nf8 46. g4 Ne6 47. gxh5 gxh5 48. Ke3 Kd6 49. Rxh5 c5 50. Rh6 Ke5 51. Rh5+ Kd6 52. f4 d4+ 53. cxd4 cxd4+ 54. Ke4 1-0

[Event "BUL-chT2 58th"]
[Site "Borovetz"]
[Date "2008.10.01"]
[Round "1.1"]
[White "Kolev, Atanas"]
[Black "Todorov, Emil"]
[Result "1-0"]
[WhiteElo "2563"]
[BlackElo "2177"]
[PlyCount "119"]
[EventDate "2008.10.01"]
[EventType "team-swiss"]
[EventRounds "7"]
[EventCountry "BUL"]
[SourceTitle "CBM 126 Extra"]
[Source "ChessBase"]
[SourceDate "2008.11.05"]
[SourceVersion "1"]
[SourceVersionDate "2008.11.05"]
[SourceQuality "1"]

1. e4 e6 2. d4 d5 3. Nd2 Nf6 4. e5 Nfd7 5. Bd3 c5 6. c3 Nc6 7. Ngf3 Qb6 8. 0-0 cxd4 9. cxd4 h6 10. Nb3 a5 11. a4 Be7 12. Be3 Ndb8 13. Nfd2 h5 14. Nb1 Na6 15. Nc3 Bd7 16. Nb5 Ncb4 17. Be2 g6 18. Qd2 Nc7 19. Nc5 Bc6 20. Nd6+ Bxd6 21. exd6 Nca6 22. Bg5 Nxc5 23. dxc5 Qxc5 24. Qf4 Rh7 25. Rfc1 Qb6 26. Qf6 Qd8 27. Qe5 Qb8 28. h4 Kd7 29. Bf4 Qh8 30. Qe3 f6 31. Qb6 Qb8 32. Bb5 e5 33. Bd2 Ke6 34. Bxb4 axb4 35. Bxc6 bxc6 36. Rxc6 Rd7 37. a5 Qxb6 38. Rxb6 Rxd6 39. Rxb4 d4 40. Kf1 d3 41. Ke1 d2+ 42. Kd1 f5 43. Rc4 Kd5 44. Rc2 Rda6 45. b4 Rb8 46. Ra4 Rb5 47. Kxd2 Kd4 48. Rc7 e4 49. g3 Ke5 50. Ke3 Rd5 51. Rc3 Rb5 52. Rc4 Kd5 53. Rd4+ Kc6 54. Ra2 Kb7 55. Rc2 Re6 56. Rcd2 Rc6 57. Rd7+ Rc7 58. Rxc7+ Kxc7 59. Rd4 Kc6 60. Kf4 1-0

[Event "Kesarovski Georgiev Memorial 7th"]
[Site "Sunny Beach"]
[Date "2008.09.12"]
[Round "6"]
[White "Todorov, Emil"]
[Black "Badev, Kiril"]
[Result "0-1"]
[WhiteElo "2190"]
[BlackElo "2337"]
[PlyCount "52"]
[EventDate "2008.09.08"]
[EventType "swiss"]
[EventRounds "9"]
[EventCountry "BUL"]
[SourceTitle "CBM 126 Extra"]
[Source "ChessBase"]
[SourceDate "2008.11.05"]
[SourceVersion "1"]
[SourceVersionDate "2008.11.05"]
[SourceQuality "1"]

1. c4 Nf6 2. g3 c6 3. Bg2 d5 4. Qc2 e5 5. d3 h6 6. e3 dxc4 7. dxc4 Na6 8. Bd2 Nc5 9. Bf1 a5 10. Nc3 e4 11. h3 Be6 12. Na4 Nd3+ 13. Bxd3 exd3 14. Qc1 b5 15. cxb5 cxb5 16. Nc3 b4 17. Nd1 Rc8 18. Qb1 Ne4 19. Rh2 Rc2 20. Nf3 Qf6 21. Nd4 Nxd2 22. Nxc2 Nxb1 23. Nd4 d2+ 24. Kf1 Bc4+ 25. Kg1 Bd3 26. f4 Bc5 0-1

[Event "Kesarovski Georgiev Memorial 6th"]
[Site "Sunny Beach"]
[Date "2007.09.15"]
[Round "6"]
[White "Georgiev, Dimitar"]
[Black "Todorov, Emil"]
[Result "1/2-1/2"]
[WhiteElo "2055"]
[BlackElo "2235"]
[PlyCount "64"]
[EventDate "2007.09.10"]
[EventType "swiss"]
[EventRounds "9"]
[EventCountry "BUL"]
[SourceTitle "CBM 120 Extra"]
[Source "ChessBase"]
[SourceDate "2007.11.01"]
[SourceVersion "1"]
[SourceVersionDate "2007.11.01"]
[SourceQuality "1"]

1. d4 Nf6 2. Nc3 d5 3. e4 dxe4 4. f3 Bf5 5. g4 Bg6 6. g5 Nd5 7. Nxd5 Qxd5 8. c4 Qd8 9. Be3 c6 10. Qb3 Qb6 11. Qc3 Qc7 12. Bg2 exf3 13. Bxf3 Nd7 14. Ne2 e6 15. c5 e5 16. h4 Bf5 17. 0-0 Be6 18. b4 Be7 19. a4 h6 20. dxe5 hxg5 21. hxg5 Qxe5 22. Rf2 Qxc3 23. Nxc3 0-0-0 24. Be2 Ne5 25. Raf1 Rh3 26. Bf4 Ng6 27. Ne4 Nxf4 28. Rxf4 Rdh8 29. Rxf7 Rh1+ 30. Kg2 R1h2+ 31. Kg1 Bxf7 32. Rxf7 Kd8 1/2-1/2

[Event "Kesarovski Georgiev Memorial 6th"]
[Site "Sunny Beach"]
[Date "2007.09.10"]
[Round "1"]
[White "Todorov, Emil"]
[Black "Spassov, Borislav"]
[Result "1-0"]
[WhiteElo "2235"]
[BlackElo "1735"]
[PlyCount "77"]
[EventDate "2007.09.10"]
[EventType "swiss"]
[EventRounds "9"]
[EventCountry "BUL"]
[SourceTitle "CBM 120 Extra"]
[Source "ChessBase"]
[SourceDate "2007.11.01"]
[SourceVersion "1"]
[SourceVersionDate "2007.11.01"]
[SourceQuality "1"]

1. c4 Nf6 2. g3 g6 3. Bg2 Bg7 4. Nf3 0-0 5. 0-0 d6 6. Nc3 Nc6 7. d3 e5 8. Bd2 a6 9. Rb1 Bd7 10. h3 h6 11. b4 Rb8 12. a4 Na7 13. b5 c5 14. Kh2 Re8 15. Ng1 Kh7 16. f4 Rf8 17. fxe5 dxe5 18. Be3 Qe7 19. Qc1 Be6 20. bxa6 bxa6 21. Qa3 Nd7 22. Ne4 Nc6 23. Bxc5 Nxc5 24. Qxc5 Qxc5 25. Nxc5 Nb4 26. Nxe6 fxe6 27. Rxf8 Bxf8 28. a5 Rc8 29. Be4 Kg7 30. Nf3 Kf6 31. Nh4 g5 32. Ng2 Nc2 33. Rb6 Bb4 34. Rxa6 Rc5 35. Bd5 Nd4 36. e3 Nc6 37. Bxc6 Rxa5 38. Rxa5 Bxa5 39. Kg1 1-0

[Event "Kesarovski Georgiev Memorial 5th"]
[Site "Sunny Beach"]
[Date "2006.09.09"]
[Round "8.27"]
[White "Ochkov, Radoslav"]
[Black "Todorov, Emil"]
[Result "1/2-1/2"]
[WhiteElo "1758"]
[BlackElo "2279"]
[PlyCount "31"]
[EventDate "2006.09.02"]
[EventType "swiss"]
[EventRounds "9"]
[EventCountry "BUL"]
[SourceTitle "CBM 114 Extra"]
[Source "ChessBase"]
[SourceDate "2006.11.03"]
[SourceVersion "1"]
[SourceVersionDate "2006.11.03"]
[SourceQuality "1"]

1. c4 e5 2. Nc3 Nf6 3. e3 Nc6 4. g3 b6 5. Bg2 Bb7 6. Nge2 Na5 7. Bxb7 Nxb7 8. Nd5 c6 9. Nxf6+ Qxf6 10. Nc3 Qe6 11. b3 e4 12. d4 exd3 13. Qxd3 Bb4 14. 0-0 Nc5 15. Qc2 0-0 16. Bb2 1/2-1/2

[Event "Kesarovski Georgiev Memorial 5th"]
[Site "Sunny Beach"]
[Date "2006.09.04"]
[Round "3.18"]
[White "Todorov, Emil"]
[Black "Eged, Igor"]
[Result "1/2-1/2"]
[WhiteElo "2279"]
[BlackElo "2099"]
[PlyCount "40"]
[EventDate "2006.09.02"]
[EventType "swiss"]
[EventRounds "9"]
[EventCountry "BUL"]
[SourceTitle "CBM 114 Extra"]
[Source "ChessBase"]
[SourceDate "2006.11.03"]
[SourceVersion "1"]
[SourceVersionDate "2006.11.03"]
[SourceQuality "1"]

1. Nf3 Nf6 2. g3 g6 3. Bg2 Bg7 4. 0-0 0-0 5. d4 d6 6. Nbd2 Nbd7 7. e4 Re8 8. c3 e5 9. d5 a5 10. a4 b6 11. Re1 Nc5 12. Qc2 Nh5 13. b4 Nb7 14. Nb3 Bd7 15. b5 Rf8 16. Rf1 Qe7 17. Bg5 f6 18. Be3 f5 19. Bg5 Bf6 20. Bh6 Bg7 1/2-1/2

[Event "Kesarovski Georgiev Memorial 5th"]
[Site "Sunny Beach"]
[Date "2006.09.02"]
[Round "1.21"]
[White "Todorov, Emil"]
[Black "Kirilov, Kiril"]
[Result "1-0"]
[WhiteElo "2279"]
[BlackElo "1607"]
[PlyCount "102"]
[EventDate "2006.09.02"]
[EventType "swiss"]
[EventRounds "9"]
[EventCountry "BUL"]
[SourceTitle "CBM 114 Extra"]
[Source "ChessBase"]
[SourceDate "2006.11.03"]
[SourceVersion "1"]
[SourceVersionDate "2006.11.03"]
[SourceQuality "1"]

1. c4 Nf6 2. Nc3 e5 3. g3 d5 4. cxd5 Nxd5 5. Bg2 Nb6 6. Nf3 Nc6 7. d3 Be7 8. 0-0 0-0 9. a3 Be6 10. b4 f6 11. Bb2 Qd7 12. Rc1 a6 13. Ne4 Nd4 14. Nxd4 exd4 15. Nc5 Bxc5 16. bxc5 Na4 17. c6 Nxb2 18. Qc2 bxc6 19. Bxc6 Qd6 20. Bxa8 Rxa8 21. Qxb2 Qd5 22. f3 Rc8 23. Rfd1 c5 24. Rb1 Qe5 25. Qd2 Rc7 26. Rb2 Bd5 27. Qf4 Rc6 28. Rb8+ Kf7 29. Rb7+ Kg6 30. Qg4+ Qg5 31. Qxg5+ fxg5 32. Kf2 g4 33. Rdb1 c4 34. dxc4 Bxc4 35. R1b6 Rxb6 36. Rxb6+ Kf5 37. Rb4 Bb5 38. Rxd4 gxf3 39. exf3 Bc6 40. Rd6 Bb5 41. h4 g6 42. Ke3 Ke5 43. Rd4 h5 44. a4 Bc6 45. a5 Bb5 46. Rd8 Bf1 47. Rg8 Kf6 48. Kf4 Bd3 49. Rd8 Bb5 50. Rd6+ Kg7 51. Kg5 Be2 1-0